Programa de trabajo preliminar /

Saved in:
Bibliographic Details
Corporate Authors: Instituto de Relaciones Europeo-Latinoamericanas, IRELA
Format: Text
Published: Madrid: IRELA
Tags: Add Tag
No Tags, Be the first to tag this record!

MARC

LEADER 00000 a a2200000 04500
001 22397
003
040
090 |a 152700  
110 |a Instituto de Relaciones Europeo-Latinoamericanas  
245 |a Programa de trabajo preliminar /  |c Instituto de Relaciones Europeo-Latinoamericanas  
260 |a Madrid:   |b IRELA  
300 |a 18 p.  
710 |a IRELA  
999 |c 15571  |d 15571